[Event "DEM U10 2024"]
[Site "Willingen GER"]
[Date "2024.05.22"]
[Round "7"]
[White "Dutta, Nikhil"]
[Black "Romberg, Moritz"]
[Result "0-1"]
[Termination "normal"]
[Board "27"]
[WhiteElo "1283"]
[BlackElo "1054"]
[WhiteClock "01:00:36"]
[BlackClock "01:04:12"]
[PlyCount "130"]
[WhiteFideId "34665501"]
[BlackFideId "34676600"]
[EventCountry "GER"]
[EventRounds "11"]
[EventType "swiss"]
[EventDate "2024.05.18"]

1. e4 {[%clk 01:15:58]} e6 {[%clk 01:15:57]} {[%emt 00:00:04]} 2. d4 {[%clk
01:16:20]} {[%emt 00:00:08]} d5 {[%clk 01:16:23]} {[%emt 00:00:04]} 3. Nc3
{[%clk 01:16:42]} {[%emt 00:00:08]} Nf6 {[%clk 01:16:48]} {[%emt 00:00:05]} 4.
Bg5 {[%clk 01:17:05]} {[%emt 00:00:07]} Be7 {[%clk 01:17:05]} {[%emt 00:00:13]}
5. e5 {[%clk 01:17:28]} {[%emt 00:00:07]} Nfd7 {[%clk 01:17:23]} {[%emt
00:00:12]} 6. Bxe7 {[%clk 01:17:48]} {[%emt 00:00:10]} Qxe7 {[%clk 01:17:45]}
{[%emt 00:00:08]} 7. Nf3 {[%clk 01:17:40]} {[%emt 00:00:39]} Nc6 {[%clk
01:17:59]} {[%emt 00:00:16]} 8. Bb5 {[%clk 01:16:55]} {[%emt 00:01:15]} f6
{[%clk 01:18:12]} {[%emt 00:00:16]} 9. exf6 {[%clk 01:16:54]} {[%emt 00:00:31]}
Qxf6 {[%clk 01:17:56]} {[%emt 00:00:45]} 10. Qd2 {[%clk 01:16:51]} {[%emt
00:00:35]} a6 {[%clk 01:18:04]} {[%emt 00:00:22]} 11. Bxc6 {[%clk 01:16:48]}
{[%emt 00:00:32]} bxc6 {[%clk 01:18:22]} {[%emt 00:00:13]} 12. O-O-O {[%clk
01:17:02]} {[%emt 00:00:15]} O-O {[%clk 01:18:27]} {[%emt 00:00:25]} 13. Rde1
{[%emt 00:00:43]} c5 {[%clk 01:16:59]} {[%emt 00:01:56]} 14. h4 {[%clk
01:14:04]} {[%emt 00:03:17]} c4 {[%clk 01:17:09]} {[%emt 00:00:20]} 15. h5
{[%clk 01:13:44]} {[%emt 00:00:49]} Rb8 {[%clk 01:16:35]} {[%emt 00:01:05]} 16.
h6 {[%clk 01:13:51]} {[%emt 00:00:23]} g6 {[%clk 01:16:34]} {[%emt 00:00:32]}
17. Nd1 {[%clk 01:12:55]} {[%emt 00:01:25]} c5 {[%clk 01:15:50]} {[%emt
00:01:14]} 18. dxc5 {[%clk 01:12:37]} {[%emt 00:00:48]} Nxc5 {[%clk 01:15:50]}
{[%emt 00:00:30]} 19. Qe3 {[%clk 01:11:48]} {[%emt 00:01:18]} Ne4 {[%clk
01:12:30]} {[%emt 00:03:51]} 20. Re2 {[%clk 01:06:30]} {[%emt 00:05:48]} Bd7
{[%clk 01:10:09]} {[%emt 00:02:52]} 21. Qd4 {[%clk 01:05:07]} {[%emt 00:01:52]}
Qxd4 {[%clk 01:07:11]} {[%emt 00:03:28]} 22. Nxd4 {[%clk 01:02:49]} {[%emt
00:02:48]} e5 {[%clk 01:06:45]} {[%emt 00:00:57]} 23. Nf3 {[%clk 01:02:31]}
{[%emt 00:00:46]} Bg4 {[%clk 01:05:44]} {[%emt 00:01:32]} 24. Ne3 {[%clk
01:01:45]} {[%emt 00:01:17]} Bxf3 {[%clk 01:04:52]} {[%emt 00:01:21]} 25. gxf3
{[%clk 01:01:00]} {[%emt 00:01:15]} Rxf3 {[%clk 01:05:14]} {[%emt 00:00:08]}
26. Nxd5 {[%clk 01:01:09]} {[%emt 00:00:19]} Nxf2 {[%clk 01:05:31]} {[%emt
00:00:15]} 27. Rf1 {[%clk 01:01:07]} {[%emt 00:00:30]} Nd3+ {[%clk 01:05:55]}
{[%emt 00:00:08]} 28. cxd3 {[%clk 01:01:12]} {[%emt 00:00:24]} Rxf1+ {[%clk
01:06:14]} {[%emt 00:00:12]} 29. Kc2 {[%clk 01:01:20]} {[%emt 00:00:22]} cxd3+
{[%clk 01:06:29]} {[%emt 00:00:15]} 30. Kxd3 {[%clk 01:01:38]} {[%emt
00:00:12]} Rf3+ {[%clk 01:04:22]} {[%emt 00:02:36]} 31. Ke4 {[%clk 01:00:54]}
{[%emt 00:01:10]} Rf7 {[%clk 01:04:42]} {[%emt 00:00:14]} 32. Rd2 {[%emt
00:02:56]} Re8 {[%clk 01:02:45]} {[%emt 00:02:13]} 33. Rc2 {[%clk 00:56:13]}
{[%emt 00:03:02]} Rd8 {[%clk 01:00:52]} {[%emt 00:02:21]} 34. Nc7 {[%clk
00:55:24]} {[%emt 00:01:20]} Rc8 {[%clk 01:00:50]} {[%emt 00:00:31]} 35. Kxe5
{[%clk 00:54:29]} {[%emt 00:01:26]} Rcxc7 {[%clk 01:00:29]} {[%emt 00:00:52]}
36. Rg2 {[%clk 00:53:47]} {[%emt 00:01:11]} Rf5+ {[%clk 00:59:09]} {[%emt
00:01:50]} 37. Kd4 {[%clk 00:53:08]} {[%emt 00:00:56]} Rb7 {[%clk 00:57:46]}
{[%emt 00:02:07]} 38. Rc2 {[%clk 00:52:56]} {[%emt 00:00:41]} Rb4+ {[%clk
00:58:08]} {[%emt 00:00:09]} 39. Ke3 {[%clk 00:53:15]} {[%emt 00:00:10]} Rh4
{[%clk 00:57:25]} {[%emt 00:01:11]} 40. Rc8+ {[%clk 00:53:29]} {[%emt
00:00:18]} Rf8 {[%clk 00:57:46]} {[%emt 00:00:09]} 41. Rc6 {[%clk 00:53:44]}
{[%emt 00:00:15]} Ra8 {[%clk 00:58:02]} {[%emt 00:00:14]} 42. a3 {[%clk
00:53:52]} {[%emt 00:00:22]} Rxh6 {[%clk 00:58:21]} {[%emt 00:00:11]} 43. Rc4
{[%clk 00:54:14]} {[%emt 00:00:08]} Rh3+ {[%clk 00:58:38]} {[%emt 00:00:13]}
44. Kd2 {[%clk 00:54:25]} {[%emt 00:00:20]} Rf8 {[%clk 00:58:21]} {[%emt
00:00:46]} 45. Kd1 {[%clk 00:53:48]} {[%emt 00:01:06]} Rh2 {[%clk 00:58:34]}
{[%emt 00:00:17]} 46. Ke1 {[%clk 00:54:05]} {[%emt 00:00:14]} Rxb2 {[%clk
00:58:38]} {[%emt 00:00:26]} 47. Rc6 {[%clk 00:54:07]} {[%emt 00:00:28]} Rfb8
{[%clk 00:58:28]} {[%emt 00:00:40]} 48. Rxa6 {[%clk 00:54:20]} {[%emt
00:00:18]} Ra2 {[%clk 00:58:51]} {[%emt 00:00:07]} 49. Rd6 {[%clk 00:54:27]}
{[%emt 00:00:22]} Rb1+ {[%clk 00:59:12]} {[%emt 00:00:08]} 50. Rd1 {[%clk
00:54:52]} {[%emt 00:00:06]} Rxd1+ {[%clk 00:59:35]} {[%emt 00:00:07]} 51. Kxd1
{[%clk 00:55:10]} {[%emt 00:00:11]} Rxa3 {[%clk 01:00:03]} {[%emt 00:00:03]}
52. Kc2 {[%emt 00:00:12]} Kf7 {[%clk 01:00:20]} {[%emt 00:00:11]} 53. Kb2
{[%clk 00:55:54]} {[%emt 00:00:06]} Rh3 {[%clk 01:00:44]} {[%emt 00:00:06]} 54.
Kc2 {[%clk 00:56:19]} {[%emt 00:00:05]} Kf6 {[%clk 01:01:10]} {[%emt 00:00:04]}
55. Kd2 {[%clk 00:56:42]} {[%emt 00:00:07]} Kf5 {[%clk 01:01:35]} {[%emt
00:00:05]} 56. Ke2 {[%clk 00:57:06]} {[%emt 00:00:06]} Kf4 {[%clk 01:02:00]}
{[%emt 00:00:05]} 57. Kd2 {[%clk 00:57:25]} {[%emt 00:00:11]} Ke4 {[%clk
01:02:25]} {[%emt 00:00:05]} 58. Kc2 {[%clk 00:57:49]} {[%emt 00:00:07]} Kd4
{[%clk 01:02:50]} {[%emt 00:00:05]} 59. Kd2 {[%clk 00:58:10]} {[%emt 00:00:09]}
Rh2+ {[%clk 01:03:14]} {[%emt 00:00:06]} 60. Ke1 {[%clk 00:58:32]} {[%emt
00:00:08]} Ke3 {[%clk 01:03:31]} {[%emt 00:00:12]} 61. Kd1 {[%clk 00:58:55]}
{[%emt 00:00:07]} Rg2 {[%clk 01:03:11]} {[%emt 00:00:24]} 62. Kc1 {[%clk
00:59:15]} {[%emt 00:00:37]} Kd3 {[%clk 01:03:30]} {[%emt 00:00:10]} 63. Kb1
{[%clk 00:59:41]} {[%emt 00:00:04]} Kc3 {[%clk 01:03:57]} {[%emt 00:00:04]} 64.
Ka1 {[%clk 01:00:09]} {[%emt 00:00:02]} Kb3 {[%clk 01:04:23]} {[%emt 00:00:04]}
65. Kb1 {[%clk 01:00:36]} {[%emt 00:00:03]} Rg1# {[%clk 01:04:12]} {[%emt
00:00:07]} 0-1

[Event "DEM U10 2024"]
[Site "Willingen GER"]
[Date "2024.05.22"]
[Round "7"]
[White "Köbel, John"]
[Black "Rössling, Johannes"]
[Result "1-0"]
[Termination "normal"]
[Board "28"]
[WhiteElo "1110"]
[BlackElo "1579"]
[WhiteClock "01:05:04"]
[BlackClock "00:44:19"]
[PlyCount "67"]
[WhiteFideId "34641394"]
[BlackFideId "34642773"]
[EventCountry "GER"]
[EventRounds "11"]
[EventType "swiss"]
[EventDate "2024.05.18"]

1. d4 {[%clk 01:15:59]} d5 {[%clk 01:15:52]} {[%emt 00:00:08]} 2. Nc3 {[%clk
01:16:23]} {[%emt 00:00:06]} Nf6 {[%clk 01:16:18]} {[%emt 00:00:04]} 3. Bf4
{[%clk 01:16:45]} {[%emt 00:00:08]} c5 {[%clk 01:16:41]} {[%emt 00:00:07]} 4.
e3 {[%clk 01:16:30]} {[%emt 00:00:45]} cxd4 {[%clk 01:16:57]} {[%emt 00:00:14]}
5. exd4 {[%clk 01:16:50]} {[%emt 00:00:10]} a6 {[%clk 01:17:21]} {[%emt
00:00:06]} 6. Nf3 {[%clk 01:16:03]} {[%emt 00:01:16]} Bg4 {[%clk 01:17:39]}
{[%emt 00:00:12]} 7. Be2 {[%clk 01:16:26]} {[%emt 00:00:07]} Nc6 {[%clk
01:17:54]} {[%emt 00:00:15]} 8. h3 {[%clk 01:16:47]} {[%emt 00:00:10]} Bh5
{[%clk 01:18:16]} {[%emt 00:00:08]} 9. Ne5 {[%clk 01:16:19]} {[%emt 00:00:57]}
Bxe2 {[%clk 01:18:25]} {[%emt 00:00:21]} 10. Qxe2 {[%clk 01:16:13]} {[%emt
00:00:36]} Nxd4 {[%clk 01:18:30]} {[%emt 00:00:25]} 11. Qd2 {[%clk 01:16:22]}
{[%emt 00:00:21]} Nc6 {[%clk 01:18:41]} {[%emt 00:00:20]} 12. O-O {[%clk
01:16:18]} {[%emt 00:00:32]} e6 {[%clk 01:18:46]} {[%emt 00:00:27]} 13. Nxc6
{[%clk 01:16:03]} {[%emt 00:00:45]} bxc6 {[%clk 01:19:01]} {[%emt 00:00:15]}
14. Rfe1 {[%clk 01:15:29]} {[%emt 00:01:04]} Bd6 {[%clk 01:18:35]} {[%emt
00:00:55]} 15. Rad1 {[%clk 01:15:48]} {[%emt 00:00:11]} Bxf4 {[%clk 01:17:42]}
{[%emt 00:01:24]} 16. Qxf4 {[%clk 01:16:06]} {[%emt 00:00:12]} O-O {[%clk
01:17:43]} {[%emt 00:00:28]} 17. Rd3 {[%clk 01:12:36]} {[%emt 00:04:00]} Qb8
{[%clk 01:17:00]} {[%emt 00:01:14]} 18. Qc1 {[%clk 01:12:11]} {[%emt 00:00:53]}
h6 {[%clk 01:04:18]} {[%emt 00:13:14]} 19. Rg3 {[%clk 01:08:48]} {[%emt
00:03:53]} Kh8 {[%clk 01:04:32]} {[%emt 00:00:15]} 20. Ree3 {[%clk 01:07:43]}
{[%emt 00:01:35]} d4 {[%clk 01:04:33]} {[%emt 00:00:30]} 21. Ref3 {[%clk
01:08:00]} {[%emt 00:00:12]} Nh5 {[%clk 00:59:12]} {[%emt 00:05:51]} 22. Rg4
{[%clk 01:07:30]} {[%emt 00:01:00]} dxc3 {[%clk 00:57:34]} {[%emt 00:02:09]}
23. Rxc3 {[%clk 01:07:47]} {[%emt 00:00:13]} Qb5 {[%clk 00:55:46]} {[%emt
00:01:46]} 24. Rh4 {[%clk 01:06:16]} {[%emt 00:02:33]} Kh7 {[%clk 00:51:36]}
{[%emt 00:04:40]} 25. g4 {[%clk 01:06:10]} {[%emt 00:00:35]} Nf6 {[%clk
00:51:21]} {[%emt 00:00:46]} 26. g5 {[%clk 01:06:03]} {[%emt 00:00:37]} Ng8
{[%clk 00:50:56]} {[%emt 00:00:55]} 27. Rg3 {[%clk 01:06:02]} {[%emt 00:00:30]}
Ne7 {[%clk 00:47:38]} {[%emt 00:03:49]} 28. gxh6 {[%clk 01:06:18]} {[%emt
00:00:14]} Nf5 {[%clk 00:45:32]} {[%emt 00:02:37]} 29. hxg7+ {[%clk 01:06:03]}
{[%emt 00:00:44]} Nxh4 {[%clk 00:45:52]} {[%emt 00:00:10]} 30. gxf8=Q Rxf8
{[%clk 00:45:28]} 31. Qf4 {[%clk 01:06:25]} {[%emt 00:00:18]} Ng6 {[%clk
00:45:01]} {[%emt 00:00:58]} 32. Qf6 {[%clk 01:06:19]} {[%emt 00:00:36]} Qf5
{[%clk 00:45:00]} {[%emt 00:00:30]} 33. Qc3 {[%clk 01:05:18]} {[%emt 00:01:32]}
Nf4 {[%clk 00:44:19]} {[%emt 00:01:11]} 34. Qg7# {[%clk 01:05:04]} {[%emt
00:00:13]} 1-0

[Event "DEM U10 2024"]
[Site "Willingen GER"]
[Date "2024.05.22"]
[Round "7"]
[White "Schonlau, Leopold"]
[Black "Link, Jonas Michael"]
[Result "1-0"]
[Termination "normal"]
[Board "29"]
[WhiteElo "1359"]
[BlackElo "1187"]
[WhiteClock "01:01:41"]
[BlackClock "01:03:30"]
[PlyCount "81"]
[WhiteFideId "34662545"]
[BlackFideId "533001839"]
[EventCountry "GER"]
[EventRounds "11"]
[EventType "swiss"]
[EventDate "2024.05.18"]

1. e4 {[%clk 01:15:58]} {[%emt 00:00:02]} e5 {[%clk 01:15:54]} {[%emt
00:00:06]} 2. Nf3 {[%clk 01:16:25]} {[%emt 00:00:03]} Nc6 {[%clk 01:16:14]}
{[%emt 00:00:10]} 3. Bc4 {[%clk 01:16:49]} {[%emt 00:00:06]} Nf6 {[%clk
01:16:29]} {[%emt 00:00:16]} 4. Ng5 {[%clk 01:13:33]} {[%emt 00:03:45]} d5
{[%clk 01:16:51]} {[%emt 00:00:08]} 5. exd5 {[%clk 01:13:57]} {[%emt 00:00:07]}
Na5 {[%clk 01:17:15]} {[%emt 00:00:06]} 6. d3 {[%clk 01:13:51]} {[%emt
00:00:36]} Nxc4 {[%clk 01:17:35]} {[%emt 00:00:08]} 7. dxc4 {[%clk 01:14:13]}
{[%emt 00:00:09]} h6 {[%clk 01:16:18]} {[%emt 00:01:48]} 8. Nf3 {[%clk
01:14:22]} {[%emt 00:00:20]} Bg4 {[%clk 01:16:27]} {[%emt 00:00:21]} 9. h3
{[%clk 01:14:18]} {[%emt 00:00:34]} Bxf3 {[%clk 01:16:24]} {[%emt 00:00:33]}
10. Qxf3 {[%clk 01:14:42]} {[%emt 00:00:07]} e4 {[%clk 01:16:15]} {[%emt
00:00:39]} 11. Qb3 {[%clk 01:13:59]} {[%emt 00:01:13]} b6 {[%clk 01:15:10]}
{[%emt 00:01:35]} 12. O-O {[%clk 01:13:56]} {[%emt 00:00:32]} Bc5 {[%clk
01:15:25]} {[%emt 00:00:15]} 13. Re1 {[%clk 01:13:26]} {[%emt 00:01:01]} O-O
{[%clk 01:14:11]} {[%emt 00:01:44]} 14. Be3 {[%clk 01:11:51]} {[%emt 00:02:04]}
Bxe3 {[%clk 01:14:13]} {[%emt 00:00:27]} 15. Qxe3 {[%clk 01:12:16]} {[%emt
00:00:06]} Re8 {[%clk 01:13:43]} {[%emt 00:01:00]} 16. Nc3 {[%clk 01:10:57]}
{[%emt 00:01:49]} Nd7 {[%clk 01:12:55]} {[%emt 00:01:18]} 17. Qg3 {[%clk
01:10:17]} {[%emt 00:01:09]} Rc8 {[%emt 00:00:45]} 18. Nxe4 {[%clk 01:09:52]}
{[%emt 00:00:53]} Ne5 {[%clk 01:12:27]} {[%emt 00:00:46]} 19. b3 {[%clk
01:09:41]} {[%emt 00:00:41]} Ng6 {[%clk 01:11:21]} {[%emt 00:01:36]} 20. Nc3
{[%clk 01:08:47]} {[%emt 00:01:24]} Rxe1+ {[%clk 01:09:31]} {[%emt 00:02:20]}
21. Rxe1 {[%clk 01:09:11]} {[%emt 00:00:06]} Nh4 {[%clk 01:09:27]} {[%emt
00:00:34]} 22. Qg4 {[%clk 01:05:09]} {[%emt 00:04:32]} Rb8 {[%clk 01:08:54]}
{[%emt 00:01:03]} 23. Nb5 {[%clk 01:05:05]} {[%emt 00:00:34]} Rb7 {[%clk
01:08:46]} {[%emt 00:00:39]} 24. Qf4 {[%clk 01:03:57]} {[%emt 00:01:35]} Ng6
{[%clk 01:07:46]} {[%emt 00:01:32]} 25. Qg3 {[%clk 01:03:55]} {[%emt 00:00:32]}
a6 {[%clk 01:07:45]} {[%emt 00:00:32]} 26. Nc3 {[%clk 01:03:49]} {[%emt
00:00:34]} Qf6 {[%clk 01:07:23]} {[%emt 00:00:53]} 27. Ne4 {[%clk 01:03:23]}
{[%emt 00:00:56]} Qb2 {[%clk 01:06:48]} {[%emt 00:01:04]} 28. Qg4 {[%clk
01:02:46]} {[%emt 00:01:08]} Rb8 {[%clk 01:06:29]} {[%emt 00:00:50]} 29. d6
{[%clk 01:02:36]} {[%emt 00:00:39]} cxd6 {[%clk 01:06:09]} {[%emt 00:00:51]}
30. Nxd6 {[%clk 01:02:56]} {[%emt 00:00:09]} Qxc2 {[%clk 01:05:43]} {[%emt
00:00:56]} 31. Qe2 {[%clk 01:02:36]} {[%emt 00:00:48]} Qc3 {[%clk 01:05:07]}
{[%emt 00:01:08]} 32. Qe3 {[%clk 01:02:12]} {[%emt 00:00:54]} Qf6 {[%clk
01:04:44]} {[%emt 00:00:53]} 33. Qg3 {[%clk 01:01:09]} {[%emt 00:01:32]} Qb2
{[%clk 01:04:15]} {[%emt 00:01:00]} 34. Nxf7 {[%clk 01:00:13]} {[%emt
00:01:26]} Kxf7 {[%clk 01:03:44]} {[%emt 00:01:01]} 35. Qxb8 {[%clk 01:00:30]}
{[%emt 00:00:13]} Qxa2 {[%clk 01:03:11]} {[%emt 00:01:03]} 36. Qe8+ {[%clk
01:00:44]} {[%emt 00:00:15]} Kf6 {[%clk 01:03:14]} {[%emt 00:00:28]} 37. Qe6+
{[%clk 01:00:51]} {[%emt 00:00:22]} Kg5 {[%clk 01:03:29]} {[%emt 00:00:15]} 38.
Qg4+ {[%clk 01:01:09]} {[%emt 00:00:12]} Kf6 {[%clk 01:03:32]} {[%emt
00:00:27]} 39. Re6+ {[%clk 01:01:26]} {[%emt 00:00:13]} Kf7 {[%clk 01:03:27]}
{[%emt 00:00:36]} 40. Qxg6+ {[%clk 01:01:48]} {[%emt 00:00:08]} Kf8 {[%clk
01:03:30]} {[%emt 00:00:27]} 41. Re8# {[%clk 01:01:41]} {[%emt 00:00:06]} 1-0

[Event "DEM U10 2024"]
[Site "Willingen GER"]
[Date "2024.05.23"]
[Round "8"]
[White "Chakhalov, Mikael"]
[Black "Steinbrenner, Peter"]
[Result "1/2-1/2"]
[Termination "normal"]
[Board "1"]
[WhiteElo "1747"]
[BlackElo "1941"]
[WhiteClock "00:30:01"]
[BlackClock "00:56:10"]
[PlyCount "62"]
[WhiteFideId "34644458"]
[BlackFideId "34645535"]
[EventCountry "GER"]
[EventRounds "11"]
[EventType "swiss"]
[EventDate "2024.05.18"]

1. e4 {[%clk 01:15:37]} {[%emt 00:00:22]} c5 {[%clk 01:15:50]} {[%emt
00:00:09]} 2. Nc3 {[%clk 01:15:44]} {[%emt 00:00:24]} a6 {[%clk 01:16:10]}
{[%emt 00:00:11]} 3. g3 {[%clk 01:15:55]} {[%emt 00:00:18]} b5 {[%clk
01:16:21]} {[%emt 00:00:20]} 4. Bg2 {[%clk 01:15:56]} {[%emt 00:00:28]} Bb7
{[%clk 01:16:41]} {[%emt 00:00:10]} 5. d3 {[%clk 01:15:57]} {[%emt 00:00:29]}
e6 {[%clk 01:16:17]} {[%emt 00:00:55]} 6. Nge2 {[%emt 00:01:37]} d5 {[%clk
01:12:03]} {[%emt 00:04:38]} 7. exd5 {[%clk 01:14:33]} {[%emt 00:00:52]} exd5
{[%clk 01:12:24]} {[%emt 00:00:09]} 8. O-O {[%clk 01:14:12]} {[%emt 00:00:50]}
Be7 {[%clk 01:11:06]} {[%emt 00:01:48]} 9. d4 {[%clk 01:12:00]} {[%emt
00:02:43]} c4 {[%clk 01:09:41]} {[%emt 00:01:55]} 10. Nf4 {[%clk 01:08:43]}
{[%emt 00:03:47]} Nf6 {[%clk 01:07:43]} {[%emt 00:02:27]} 11. Qf3 {[%clk
01:02:03]} {[%emt 00:07:10]} O-O {[%clk 01:06:29]} {[%emt 00:01:44]} 12. Ncxd5
{[%clk 00:58:12]} {[%emt 00:04:21]} Kh8 {[%clk 01:05:02]} {[%emt 00:01:57]} 13.
Qe2 {[%clk 00:52:52]} {[%emt 00:05:51]} Nxd5 {[%clk 01:04:58]} {[%emt
00:00:34]} 14. Nxd5 {[%clk 00:53:10]} {[%emt 00:00:12]} Bxd5 {[%clk 01:05:24]}
{[%emt 00:00:03]} 15. Bxd5 {[%clk 00:53:34]} {[%emt 00:00:07]} Qxd5 {[%clk
01:05:49]} {[%emt 00:00:04]} 16. Qxe7 {[%clk 00:53:58]} {[%emt 00:00:06]} Nc6
{[%clk 01:05:58]} {[%emt 00:00:21]} 17. Qc5 {[%clk 00:53:55]} {[%emt 00:00:32]}
Qxc5 {[%clk 01:05:21]} {[%emt 00:01:08]} 18. dxc5 {[%clk 00:54:21]} {[%emt
00:00:04]} Nb4 {[%clk 01:05:41]} {[%emt 00:00:10]} 19. c3 {[%clk 00:51:42]}
{[%emt 00:03:09]} Nd3 {[%clk 01:06:03]} {[%emt 00:00:09]} 20. b4 {[%clk
00:51:46]} {[%emt 00:00:25]} a5 {[%clk 01:05:25]} {[%emt 00:01:08]} 21. Ba3
{[%clk 00:44:15]} {[%emt 00:07:55]} axb4 {[%clk 01:05:21]} {[%emt 00:00:41]}
22. Bxb4 {[%clk 00:44:34]} {[%emt 00:00:11]} Rfc8 {[%clk 01:05:21]} {[%emt
00:00:29]} 23. Rfb1 {[%clk 00:37:16]} {[%emt 00:07:47]} g6 {[%clk 01:04:31]}
{[%emt 00:01:20]} 24. c6 {[%clk 00:35:22]} {[%emt 00:02:25]} Rxc6 {[%clk
01:03:51]} {[%emt 00:01:10]} 25. Be7 {[%clk 00:35:24]} {[%emt 00:00:28]} Ra5
{[%clk 01:03:54]} {[%emt 00:00:27]} 26. a3 {[%clk 00:29:18]} {[%emt 00:06:36]}
Re6 {[%clk 01:00:35]} {[%emt 00:03:49]} 27. Bd8 {[%clk 00:28:33]} {[%emt
00:01:15]} Ra8 {[%clk 01:00:40]} {[%emt 00:00:25]} 28. Bg5 {[%clk 00:28:49]}
{[%emt 00:00:14]} Ra5 {[%clk 00:55:08]} {[%emt 00:06:02]} 29. Bd8 {[%clk
00:29:13]} {[%emt 00:00:06]} Ra8 {[%clk 00:55:29]} {[%emt 00:00:09]} 30. Bg5
{[%clk 00:29:36]} {[%emt 00:00:07]} Ra5 {[%clk 00:55:50]} {[%emt 00:00:09]} 31.
Bd8 {[%clk 00:30:01]} {[%emt 00:00:05]} Ra8 {[%clk 00:56:10]} {[%emt 00:00:10]}
1/2-1/2

[Event "DEM U10 2024"]
[Site "Willingen GER"]
[Date "2024.05.23"]
[Round "8"]
[White "Gusev, Daniil"]
[Black "Becker, Linus"]
[Result "1-0"]
[Termination "normal"]
[Board "2"]
[WhiteElo "1740"]
[BlackElo "1705"]
[WhiteClock "00:53:48"]
[BlackClock "00:19:13"]
[PlyCount "62"]
[WhiteFideId "55683886"]
[BlackFideId "34614958"]
[EventCountry "GER"]
[EventRounds "11"]
[EventType "swiss"]
[EventDate "2024.05.18"]

1. e4 {[%clk 01:15:29]} {[%emt 00:00:30]} c5 {[%clk 01:15:51]} {[%emt
00:00:09]} 2. Nf3 {[%clk 01:15:35]} {[%emt 00:00:24]} a6 {[%clk 01:15:34]}
{[%emt 00:00:48]} 3. d4 {[%clk 01:15:31]} {[%emt 00:00:34]} cxd4 {[%clk
01:15:57]} {[%emt 00:00:07]} 4. Nxd4 {[%clk 01:15:44]} {[%emt 00:00:17]} Nf6
{[%clk 01:16:11]} {[%emt 00:00:16]} 5. Nc3 {[%clk 01:15:36]} {[%emt 00:00:38]}
e5 {[%clk 01:16:08]} {[%emt 00:00:32]} 6. Nde2 {[%clk 01:15:07]} {[%emt
00:00:59]} Bb4 {[%clk 01:15:12]} {[%emt 00:01:27]} 7. a3 {[%clk 01:14:12]}
{[%emt 00:01:25]} Ba5 {[%clk 01:15:00]} {[%emt 00:00:42]} 8. Bg5 {[%clk
01:11:58]} {[%emt 00:02:44]} h6 {[%clk 01:12:27]} {[%emt 00:03:03]} 9. Bxf6
{[%clk 01:08:37]} {[%emt 00:03:51]} Qxf6 {[%clk 01:12:42]} {[%emt 00:00:15]}
10. Qd3 {[%clk 01:08:44]} {[%emt 00:00:23]} O-O {[%clk 01:10:30]} {[%emt
00:02:42]} 11. f3 {[%clk 01:08:39]} {[%emt 00:00:36]} Nc6 {[%clk 01:07:07]}
{[%emt 00:03:53]} 12. O-O-O {[%clk 01:08:25]} {[%emt 00:00:43]} b5 {[%clk
01:04:32]} {[%emt 00:03:06]} 13. Nd5 {[%clk 01:07:03]} {[%emt 00:01:51]} Qg5+
{[%clk 01:02:49]} {[%emt 00:02:13]} 14. Kb1 {[%clk 01:04:46]} {[%emt 00:02:47]}
b4 {[%clk 01:01:04]} {[%emt 00:02:16]} 15. h4 {[%clk 01:04:48]} {[%emt
00:00:28]} Qd8 {[%clk 01:00:25]} {[%emt 00:01:09]} 16. a4 {[%clk 01:04:59]}
{[%emt 00:00:20]} Ne7 {[%clk 00:56:34]} {[%emt 00:04:21]} 17. b3 {[%clk
01:04:21]} {[%emt 00:01:08]} Nxd5 {[%clk 00:56:04]} {[%emt 00:01:00]} 18. Qxd5
{[%clk 01:04:31]} {[%emt 00:00:21]} Qc7 {[%clk 00:55:29]} {[%emt 00:01:04]} 19.
Ng3 {[%clk 01:00:10]} {[%emt 00:04:51]} Bb7 {[%clk 00:55:10]} {[%emt 00:00:50]}
20. Qd2 {[%clk 01:00:29]} {[%emt 00:00:10]} Rad8 {[%clk 00:54:50]} {[%emt
00:00:49]} 21. Bc4 {[%clk 01:00:07]} {[%emt 00:00:52]} Bc6 {[%clk 00:41:25]}
{[%emt 00:13:55]} 22. Nf5 {[%clk 00:53:27]} {[%emt 00:07:10]} Bxa4 {[%clk
00:32:11]} {[%emt 00:09:43]} 23. Nxh6+ {[%emt 00:00:53]} gxh6 {[%clk 00:30:12]}
{[%emt 00:02:20]} 24. Qxh6 {[%clk 00:53:33]} {[%emt 00:00:12]} d5 {[%clk
00:17:42]} {[%emt 00:13:00]} 25. Rh3 {[%clk 00:53:46]} {[%emt 00:00:16]} Rd6
{[%clk 00:17:49]} {[%emt 00:00:22]} 26. Rg3+ {[%clk 00:51:53]} {[%emt
00:02:24]} Rg6 {[%clk 00:17:45]} {[%emt 00:00:35]} 27. Rxg6+ {[%clk 00:52:19]}
{[%emt 00:00:04]} fxg6 {[%clk 00:18:06]} {[%emt 00:00:09]} 28. Bxd5+ {[%clk
00:52:38]} {[%emt 00:00:12]} Rf7 {[%clk 00:18:19]} {[%emt 00:00:17]} 29. Qxg6+
{[%clk 00:53:03]} {[%emt 00:00:04]} Kf8 {[%clk 00:18:39]} {[%emt 00:00:10]} 30.
Qxf7+ {[%clk 00:53:24]} {[%emt 00:00:10]} Qxf7 {[%clk 00:18:56]} {[%emt
00:00:12]} 31. Bxf7 {[%clk 00:53:48]} {[%emt 00:00:06]} Kxf7 {[%clk 00:19:13]}
{[%emt 00:00:13]} 1-0